Základy technickej mechaniky skriptá

Bibliographic Details
Main Author: Semrád, Karol, 1972- (Author)
Format: Software eBook
Language:Slovak
PhysicalDescription:1 CD-ROM 12 cm
Published: Košice Technická univerzita v Košiciach 2017
ISBN:9788055328720
Edition:Vydanie: prvé
Subjects:

MARC

LEADER 00000nam a2200000 4500
001 vtls011744580
003 SK-MaSNL
005 20260301182904.0
007 co bg auuua
008 180305s2017 xo | fqnp 000 0 slo
015 |a SNBS2018 
020 |a 9788055328720  |q (elektronická kniha) 
040 |a SNK  |b slo  |c SNK  |e rda 
041 0 |a slo 
044 |a xo  |c SK 
072 7 |a 531  |x Všeobecná mechanika. Mechanika pevných a tuhých telies  |2 konspekt 
080 |a 531.8  |2 2011 
080 |a (075.8)  |2 2011 
080 |a (0.034.44)  |2 2011 
100 1 |a Semrád, Karol,  |d 1972-  |4 aut  |9 165615 
245 1 0 |a Základy technickej mechaniky  |b skriptá  |c Karol Semrád 
250 |a Vydanie: prvé 
264 1 |a Košice  |b Technická univerzita v Košiciach  |c 2017 
300 |a 1 CD-ROM  |c 12 cm 
336 |a text  |b txt  |2 rdacontent 
337 |a počítač  |b c  |2 rdamedia 
338 |a počítačový disk  |b cd  |2 rdacarrier 
347 |a textový súbor  |b PDF  |2 rda 
504 |a Obsahuje bibliografiu 
650 0 7 |a technická mechanika  |2 SNKPH  |9 67176 
650 0 7 |a Technical mechanics  |2 SNKPHeng  |9 316690 
655 7 |a učebnice vysokých škôl  |2 SNKPH  |9 70191 
655 7 |a CD-ROM  |2 SNKPH  |9 70236 
655 7 |a Textbooks (higher)  |2 SNKPHeng  |9 276436 
919 |a 978-80-553-2872-0 
958 |a NB 
999 |c 855150  |d 857080 
952 |a SNK  |b SNK  |y PREZ  |7 0  |p 17A1321663  |o snkSCDM 9807  |i snk2018/5374  |8 0  |0 0  |1 0  |4 0  |d 2018-03-05  |l 0  |r 2026-02-24 04:54:17  |w 2026-02-24